000 00479nam a2200217Ia 4500
008 210210b1951 xxu||||| |||| 00| 0 eng d
041 _aeng
082 _a825/1005
100 _aTILSTON
245 _aEssays and studies new series 4 1951
260 _aLondon
_bJohn Murray
_c1951
650 _astudies
650 _aseries
650 _anew
650 _aEssays
650 _aand
650 _a4
650 _a1951
690 _aEnglish Criticism
906 _a015321
999 _c134681
_d134681